| 000 | 00951cab a2200265 4500 | ||
|---|---|---|---|
| 001 | WB2912-36 | ||
| 008 | 090401t1993 xxu||||| |||| 00| 0 eng d | ||
| 035 | _a(Sirsi) u11745 | ||
| 041 | _aeng | ||
| 245 | _aValuers facing insurance risk | ||
| 260 | _c1993 | ||
| 350 | _a0 | ||
| 490 |
_aEstates Times _v(1181) 19 March 1993, 1(1) |
||
| 520 | _aA new survey "Valuing contaminated land - a need for shared experience" warns that most valuation surveyors do not have sufficient professional indemnity cover for advising issues related to contaminated land. | ||
| 650 | _aCONTAMINATED LAND | ||
| 650 |
_aInsurance _96249 |
||
| 650 | _aMONTAGU EVANS ENVIRONMENTAL ASSESSMENT GROUP | ||
| 650 | _aPROFESSIONAL INDEMNITY INSURANCE | ||
| 650 | _aPROFESSIONAL INDEMNITY INSURANCE | ||
| 650 |
_aValuation _96273 |
||
| 690 |
_aINSURANCE _96249 |
||
| 690 | _aMANAGEMENT-BUSINESS MANAGEMENT-PROFESSIONAL PRACTICE | ||
| 942 | _n0 | ||
| 948 | _c04/03/1997 | ||
| 999 |
_c7498 _d7498 |
||